000 00334nam a2200133Ia 4500
008 240624s9999 xx 000 0 und d
041 _aeng
082 _a303.483 BIJ
100 _aBIJKER WIEBE E
245 _aSOCIAL CONSTRUCTION OF TECHNOLOGICAL SYS
260 _c2012
_atechnology
_bMIT Press
300 _a432 : p.
365 _c
_b28
999 _c22232
_d22232